Service management and marketing : (Record no. 1016)

000 -LEADER
fixed length control field 01516nam a22003737a 4500
001 - CONTROL NUMBER
control field 2453801
003 - CONTROL NUMBER IDENTIFIER
control field OSt
005 - DATE AND TIME OF LATEST TRANSACTION
control field 20210426115348.0
008 - FIXED-LENGTH DATA ELEMENTS--GENERAL INFORMATION
fixed length control field 891017s1990 maua b 001 0 eng
010 ## - LIBRARY OF CONGRESS CONTROL NUMBER
LC control number 89029201
020 ## - INTERNATIONAL STANDARD BOOK NUMBER
International Standard Book Number 0669200352 (alk. paper)
040 ## - CATALOGING SOURCE
Original cataloging agency DLC
Transcribing agency DLC
Modifying agency DLC
Language of cataloging eng
041 ## - LANGUAGE CODE
Language code of text/sound track or separate title eng
050 00 - LIBRARY OF CONGRESS CALL NUMBER
Classification number HD9980.5
Item number .G776 1990
080 ## - UNIVERSAL DECIMAL CLASSIFICATION NUMBER
Universal Decimal Classification number 005
Item number G-86
082 00 - DEWEY DECIMAL CLASSIFICATION NUMBER
Classification number 658.8
Edition number 20
100 1# - MAIN ENTRY--PERSONAL NAME
Personal name Grönroos, Christian,
Dates associated with a name 1947-
245 10 - TITLE STATEMENT
Title Service management and marketing :
Remainder of title managing the moments of truth in service competition /
Statement of responsibility, etc. / by: Lexington Books
260 ## - PUBLICATION, DISTRIBUTION, ETC.
Place of publication, distribution, etc. Lexington, Mass. :
Name of publisher, distributor, etc. Lexington Books
Date of publication, distribution, etc. c1990.
300 ## - PHYSICAL DESCRIPTION
Extent xxii, 298 p.
Other physical details ill.
Dimensions 24 cm.
440 #0 - SERIES STATEMENT/ADDED ENTRY--TITLE
Title Issues in organization and management series
504 ## - BIBLIOGRAPHY, ETC. NOTE
Bibliography, etc. note Includes bibliographical references (p. 277-291) and index.
650 #0 - SUBJECT ADDED ENTRY--TOPICAL TERM
Topical term or geographic name entry element Service industries
General subdivision Marketing.
650 #0 - SUBJECT ADDED ENTRY--TOPICAL TERM
Topical term or geographic name entry element Management
9 (RLIN) 324
650 #0 - SUBJECT ADDED ENTRY--TOPICAL TERM
Topical term or geographic name entry element Customer services.
653 ## - INDEX TERM--UNCONTROLLED
Uncontrolled term მართვა
653 ## - INDEX TERM--UNCONTROLLED
Uncontrolled term სერვისების ინდუსტრია
856 42 - ELECTRONIC LOCATION AND ACCESS
Materials specified Contributor biographical information
Uniform Resource Identifier <a href="http://www.loc.gov/catdir/enhancements/fy0607/89029201-b.html">http://www.loc.gov/catdir/enhancements/fy0607/89029201-b.html</a>
856 42 - ELECTRONIC LOCATION AND ACCESS
Materials specified Publisher description
Uniform Resource Identifier <a href="http://www.loc.gov/catdir/enhancements/fy0607/89029201-d.html">http://www.loc.gov/catdir/enhancements/fy0607/89029201-d.html</a>
856 41 - ELECTRONIC LOCATION AND ACCESS
Materials specified Table of contents only
Uniform Resource Identifier <a href="http://www.loc.gov/catdir/enhancements/fy0607/89029201-t.html">http://www.loc.gov/catdir/enhancements/fy0607/89029201-t.html</a>
906 ## - LOCAL DATA ELEMENT F, LDF (RLIN)
a 7
b cbc
c orignew
d 1
e ocip
f 19
g y-gencatlg
942 ## - ADDED ENTRY ELEMENTS (KOHA)
Source of classification or shelving scheme
Koha item type Books
Holdings
Withdrawn status Lost status Source of classification or shelving scheme Damaged status Not for loan Permanent location Current location Date acquired Inventory number Total Checkouts Full call number Barcode Date last seen Price effective from Koha item type
          Ken Walker International University Ken Walker International University 01/28/2021 2507   005 G-86 2507 01/28/2021 01/28/2021 Books

Powered by Koha